Picture books for older children : reading and writing connections (Record no. 74347)
[ view plain ]
| 000 -CABECERA | |
|---|---|
| campo de control de longitud fija | 00534nam a2200193 a 4500 |
| 005 - FECHA Y HORA DE LA ÚLTIMA TRANSACCIÓN | |
| campo de control | 20210219153335.0 |
| 008 - ELEMENTOS DE LONGITUD FIJA--INFORMACIÓN GENERAL | |
| campo de control de longitud fija | 991125n 000 0 eng u |
| 035 ## - NÚMERO DE CONTROL DEL SISTEMA | |
| Número de control de sistema | UPN01000092234 |
| 100 ## - ASIENTO PRINCIPAL--NOMBRE PERSONAL | |
| Nombre de persona | Miletta, Maurin M. |
| 222 ## - TÍTULO CLAVE | |
| Título clave | READING TEACHER |
| 245 ## - MENCIÓN DE TÍTULO | |
| Título | Picture books for older children : reading and writing connections |
| 300 ## - DESCRIPCIÓN FÍSICA | |
| Extensión | 555-556 |
| 362 ## - FECHAS DE PUBLICACIÓN Y/O DESIGNACIÓN SECUENCIAL | |
| Fecha de publicación y/o designación secuencial | 1992 45, no. 7 |
| 653 0# - TERMINO DE INDIZACION - NO CONTROLADO | |
| Término no controlado | LIBROS DE PINTURAS |
| 653 0# - TERMINO DE INDIZACION - NO CONTROLADO | |
| Término no controlado | LITERATURA INFANTIL |
| 653 0# - TERMINO DE INDIZACION - NO CONTROLADO | |
| Término no controlado | MATERIALES DE LECTURA |
| 904 ## - ELEMENTOS DE DATOS D LOCAL, LDD (RLIN) | |
| a | AC |
| b | 030045 |
| 905 ## - TIPO DE MATERIAL | |
| Tipo de material | Articulo |
No items available.
